000 00870nac a22002531i 4500
003 EG-ScBUE
005 20241110141958.0
008 091014s1999 enk f b 000 0 eng d
020 _a0550130020
020 _a9780550130020
040 _aEG-ScBUE
_beng
_erda
_cEG-ScBUE
_dEG-ScBUE
082 _a503
_bCHA
_222
245 0 0 _aChambers dictionary of science and technology /
_cgeneral editor, professor Peter M. B. Walker.
264 1 _aLondon :
_bChambers,
_c1999.
300 _axvii, 1325 pages ;
_c26 cm
336 _2rdacontent
_atext
_btxt
337 _aunmediated
_2rdamedia
_bn
338 _avolume
_bnc
_2rdacarrier
500 _aPreious edition:published as Larousse Dictionary of Science and Technology,1995
650 7 _98891
_aScience
_vDictionaries.
_2BUEsh
655 _vReading book
700 1 _aWalker,Peter M. B.,
_eeditor.
_98892
942 _cREFERENCE
_2ddc
999 _c2135
_d2135